| 000 | 00537nam a2200217Ia 4500 | ||
|---|---|---|---|
| 005 | 20250425162220.0 | ||
| 008 | 250425s9999 xx 000 0 und d | ||
| 041 | _aspa | ||
| 043 | _aec | ||
| 082 | _a641.5 | ||
| 100 | _aCASTILLO, FANNY | ||
| 245 | 0 | _aMOMENTOS : GUÍA PRÁCTICA PARA LA COCINA DE TODOS LOS DÍAS | |
| 250 | _a1A ED. | ||
| 260 |
_aEcuador _bKRAFT FOODS ECUADOR _c1950 |
||
| 260 | _aGUAYAQUIL | ||
| 300 | _a74 | ||
| 650 | _aRECETAS DE COCINA | ||
| 700 | _aAGUIRRE, GABRIELA | ||
| 942 | _c01 | ||
| 010 | _a57210 | ||
| 999 |
_c224667 _d224667 |
||